[Event "Drents op"]
[Site "Assen"]
[Date "2012.12.01"]
[Round "3"]
[White "Voorintholt, Gerard"]
[Black "Hassing, Bert"]
[Result "1/2-1/2"]
[WhiteElo "1687"]
[BlackElo "1279"]
[PlyCount "54"]
[EventDate "2012.11.30"]
[EventType "swiss"]
[EventRounds "6"]
[EventCountry "NED"]
[SourceTitle "EXT 2015"]
[Source "ChessBase"]
[SourceDate "2014.11.20"]
[SourceVersion "1"]
[SourceVersionDate "2014.11.20"]
[SourceQuality "1"]

1. f4 d5 2. Nf3 Nf6 3. e3 g6 4. c3 Bg7 5. Be2 0-0 6. 0-0 c5 7. d4 b6 8. Ne5 Qc7 9. Nd2 Nbd7 10. b3 e6 11. g4 Bb7 12. g5 Ne4 13. Nxe4 dxe4 14. Ba3 Nxe5 15. fxe5 Rfd8 16. Qe1 a6 17. Rc1 Rac8 18. h4 h5 19. Qg3 Qd7 20. Rf6 cxd4 21. cxd4 Rxc1+ 22. Bxc1 Rc8 23. Rf1 Rc2 24. Qe1 Rxa2 25. Bd2 Qc7 26. Bd1 a5 27. Rf2 Ra1 1/2-1/2